| 000 | 00675nam a2200193 i 4500 | ||
|---|---|---|---|
| 001 | 186925 | ||
| 003 | ES-MaACL | ||
| 005 | 20250808022557.0 | ||
| 008 | 170301s1937 sp |||| | spa d | ||
| 100 | 1 |
_aOntañón, Eduardo de. _9161906 |
|
| 245 | 1 | 1 |
_a"Frascuelo" o el toreador / _cpor Eduardo Ontañón. |
| 260 |
_aMadrid : _bEspasa-Calpe, _c1937. |
||
| 300 |
_a262 p.,[6] p. lám. : _bil. ; _c18 cm. |
||
| 490 | 1 |
_aVidas Españolas e Hispanoamericanas del Siglo XIX ; _v57 |
|
| 600 | 1 | 4 |
_aFrascuelo ( _d1842-1898) _9161931 |
| 830 | 0 | 0 |
_aVidas españolas e hispanoamericanas del siglo XIX _v57 _9192640 |
| 852 |
_aES-MaACL _jC-23262 |
||
| 999 |
_c186925 _d186925 |
||